000 00208nam a2200097Ia 4500
008 190216s9999||||xx |||||||||||||| ||und||
100 _aMadavi Kkutty
245 0 _aTharishunilam
260 _bNull
942 _cBK
999 _c23714
_d23714